Представление документа в формате RUSMARC

ПолеНазваниеЗначение
  Тип записи a
  Библиографический уровень m
001 Контрольный номер RU/IS/BASE/402750476
005 Дата корректировки 20250218122909.9
010 Индекс ISBN __
a ISBN 978-5-17-075274-4. - 978-5-271-37044-1
d Цена 297-55
101 Язык документа 1_
a Язык текста rus
c Язык оригинала ita
200 Заглавие и сведения об ответственности 1_
a Заглавие Лунные цветы
e Сведения, относящиеся к заглавию [для детей сред. и ст. шк. возраста]
f Первые сведения об ответственности [пер. с итал. В. С. Смирнова]
b Общее обозначение материала Текст
210 Выходные данные 1_
a Место издания М.
c Издательство АСТ
c Издательство Астрель
d Дата издания 2011
215 Физическое описание __
a Объем 238, [2] с.
c Иллюстрации/тип воспроизводства ил.
225 Серия 2_
a Серия Winx club
300 Общие примечания __
a Общие примечания В вып. дан. загл.: WINX CLUB. Враг в опасности
a Общие примечания В макете загл.: Враг в опасности. Клуб Winx
a Общие примечания На обл. авт.: Иджинио Страффи
330 Аннотация __
a Аннотация В школе для ведьм Облачная Башня начался новый учебный год. На праздник, посвященный этому событию, в качестве почетных гостей приглашены феи из клуба Винкс. В это время таинственный враг, который владеет силой Лунных цветов, плетет темные интриги. Равновесие Магического Измерения в опасности. Смогут ли Винкс придумать, как победить нового врага?
333 Примечание о целевом назначении __
a Примечание о целевом назначении 0+
606 Тематические рубрики __
a Основная рубрика Художественная литература
606 Тематические рубрики __
a Основная рубрика Литература Европы (произведения)
610 Ключевые слова 0_
a Ключевые слова итальянская литература; детская литература; тема волшебства; тема магии; тема приключений; тема дружбы; зарубежная литература; иностранная литература; фэнтези; фэнтези; Винкс; мультипликационные герои; мультипликационные персонажи; мультипликационные истории; литературные герои
686 Индексы других классификаций __
a Классификационный индекс 84(4Ита)-4; ст84(4Ита)-4
700 Автор _1
a Фамилия Сантини
b Имя Г.
g Полное личное имя Габриэлла
4 Код отношения 070
702 Вторичная интеллектуальная ответственность _1
a Фамилия Смирнов
b Имя В. С.
4 Код отношения Переводчик
4 Код отношения 730
801 Источник записи _0
a Страна RU
b Организация Муниципальное бюджетное учреждение культуры "Централизованная библиотечная система" г. Сургут (Центральная городская библиотека им. А. С. Пушкина)
g Правила каталогизации КиК/Лукашук
801 Источник записи _1
a Страна RU
b Организация Муниципальное бюджетное учреждение культуры "Централизованная библиотечная система" г. Сургут (Центральная городская библиотека им. А. С. Пушкина)
g Правила каталогизации КиК/Лукашук
852 Данные о местонахождении __
j Шифр хранения 84(4Ита)-4
i Авторский знак С 18
901 Тип документа __
t Тип документа m
903 Характеристики (МАРС) __
a Дата передачи 20121005
990 Данные о заказе (DOS) __
j Количество экземпляров (DOS) 6
t N записи в КСУ для И/У (DOS) 201210